| 000 | 00565nam a2200217 a 4500 | ||
|---|---|---|---|
| 001 | 0001-2073 | ||
| 003 | ELIB.Books | ||
| 008 | 190722 2010 eng | ||
| 020 | _a0664240178 | ||
| 092 |
_a262.8 _bRus |
||
| 100 | _aRussell, Letty M. | ||
| 245 | _aHousehold of Freedom | ||
| 260 |
_aPhiladelphia _bThe Westminster Press _c1987 |
||
| 300 |
_a116 _c20cm |
||
| 650 | _aFeminism | ||
| 856 |
_nKBTS Library _uKBTS Elib |
||
| 942 |
_2ddc _cBK |
||
| 990 | _a4 | ||
| 998 |
_aEnglishbooks.elf _ccat _e2019-07-22 _mcat _u2019-07-22 |
||
| 999 |
_c12073 _d12073 |
||